[Event "Loire-ch Top20 0304"]
[Site "Loire"]
[Date "2003.12.13"]
[Round "4"]
[White "Cursoux, Gerard"]
[Black "Bednar, Emile"]
[Result "1/2-1/2"]
[WhiteElo "2130"]
[BlackElo "1840"]
[PlyCount "107"]
[EventDate "2003.09.27"]
[EventType "swiss"]
[EventRounds "9"]
[EventCountry "FRA"]
[SourceTitle "EXT 2008"]
[Source "ChessBase"]
[SourceDate "2007.11.25"]
[SourceVersion "1"]
[SourceVersionDate "2007.11.25"]
[SourceQuality "1"]

1. c4 e6 2. e4 c6 3. d4 Bb4+ 4. Nc3 Nf6 5. f3 0-0 6. a3 Be7 7. Bd3 d6 8. Nge2 e5 9. Be3 Nbd7 10. d5 c5 11. 0-0 Ne8 12. f4 exf4 13. Nxf4 Ne5 14. h3 a6 15. b4 b6 16. Nh5 Bg5 17. Bf2 Bh4 18. g3 Bg5 19. g4 Bh4 20. Ng3 Qg5 21. Qe2 g6 22. Be3 Qe7 23. Kg2 Bg5 24. Bg1 Nf6 25. Rae1 Nfxg4 26. hxg4 Bxg4 27. Qc2 Qd7 28. Be2 Bh4 29. Bxg4 Qxg4 30. Nce2 Bg5 31. Qc3 h5 32. bxc5 bxc5 33. Bxc5 Rfc8 34. Bxd6 Nxc4 35. Qf3 Ne3+ 36. Kg1 Nxf1 37. Qxg4 hxg4 38. Kxf1 Rc2 39. Rb1 Rac8 40. Rb6 a5 41. Ra6 Bd8 42. Be5 Rd2 43. d6 f6 44. Bc3 Rd3 45. e5 fxe5 46. Bxe5 Rxa3 47. d7 Rf3+ 48. Kg2 Rc2 49. Rxg6+ Kf7 50. Rxg4 Re3 51. Rg7+ Ke6 52. Bf4 Rxg3+ 53. Kxg3 Rxe2 54. Kf3 1/2-1/2

[Event "Loire-ch Top20 0304"]
[Site "Loire"]
[Date "2003.10.18"]
[Round "2"]
[White "Bednar, Emile"]
[Black "Lestra, Franck"]
[Result "0-1"]
[WhiteElo "1840"]
[BlackElo "1770"]
[PlyCount "130"]
[EventDate "2003.09.27"]
[EventType "swiss"]
[EventRounds "9"]
[EventCountry "FRA"]
[SourceTitle "EXT 2008"]
[Source "ChessBase"]
[SourceDate "2007.11.25"]
[SourceVersion "1"]
[SourceVersionDate "2007.11.25"]
[SourceQuality "1"]

1. e4 c5 2. Nf3 d6 3. d4 cxd4 4. Nxd4 Nf6 5. Nc3 g6 6. Bb5+ Bd7 7. Qe2 Bg7 8. 0-0 a6 9. Bxd7+ Nbxd7 10. Nb3 0-0 11. Be3 Qc7 12. Kh1 Ne5 13. Bd4 Nc6 14. Bxf6 exf6 15. Nd5 Qd8 16. c3 Re8 17. f3 Ne7 18. Rad1 Nxd5 19. Rxd5 Qb6 20. Qd3 Rad8 21. Rd1 f5 22. h3 fxe4 23. fxe4 Be5 24. Rf1 Re7 25. Qf3 Rde8 26. Rd2 Qc7 27. Nd4 Bg7 28. Re2 Rf8 29. Qd3 Qd7 30. Nf3 h6 31. Rd1 Rd8 32. c4 Qe8 33. Qd5 Red7 34. a4 Be5 35. Nh4 Kg7 36. g4 Rc7 37. b3 Rcd7 38. Nf3 Qe7 39. Rg2 Qe8 40. Rf1 Qe7 41. h4 Re8 42. h5 g5 43. Nd2 Bf4 44. Qf5 Bxd2 45. Rxd2 Qxe4+ 46. Kh2 Qxf5 47. Rxf5 Re4 48. Kg3 Re3+ 49. Rf3 Rxf3+ 50. Kxf3 Kf6 51. Ke4 Re7+ 52. Kd5 Re6 53. b4 Ke7 54. a5 Re5+ 55. Kd4 f5 56. gxf5 Rxf5 57. Re2+ Kd7 58. Re3 g4 59. Re4 Rg5 60. Rf4 g3 61. Rf1 Rxh5 62. Ke3 Rg5 63. Kf4 g2 64. Rg1 Rg8 65. c5 d5 0-1

[Event "Loire Cup 2000 Phase Ligue"]
[Site "Loire"]
[Date "2003.02.23"]
[Round "2"]
[White "Bednar, Emile"]
[Black "Roussel, Pierre Olivier"]
[Result "1/2-1/2"]
[WhiteElo "1970"]
[BlackElo "1820"]
[PlyCount "103"]
[EventDate "2003.02.23"]
[EventType "team"]
[EventRounds "3"]
[EventCountry "FRA"]
[SourceTitle "EXT 2008"]
[Source "ChessBase"]
[SourceDate "2007.11.25"]
[SourceVersion "1"]
[SourceVersionDate "2007.11.25"]
[SourceQuality "1"]

1. e4 c5 2. f4 d6 3. Nf3 e6 4. Bb5+ Bd7 5. Be2 Nc6 6. 0-0 g6 7. Nc3 Bg7 8. Nb5 Qb8 9. f5 Nf6 10. fxe6 fxe6 11. d3 a6 12. Na3 b5 13. c3 0-0 14. Bd2 d5 15. Ng5 dxe4 16. Nxe4 Nxe4 17. dxe4 Qc7 18. Bf3 Ne5 19. Qe2 Nxf3+ 20. Rxf3 Rxf3 21. Qxf3 Rf8 22. Qe2 Qe5 23. Re1 Bc6 24. Nc2 Rf7 25. b4 Bf8 26. a3 Bd6 27. g3 cxb4 28. axb4 Bc7 29. Nd4 Bb6 30. Qd3 Rd7 31. Be3 Bxe4 32. Qe2 Bd5 33. Bf2 Qxe2 34. Rxe2 Bxd4 35. Bxd4 Rf7 36. Rf2 Rxf2 37. Kxf2 Kf7 38. Ke3 g5 39. h4 Kg6 40. hxg5 Kxg5 41. Be5 Kf5 42. Kd4 Bc4 43. Bd6 h5 44. Be5 Bf1 45. Bc7 Bc4 46. Bd6 Kg4 47. Ke3 Bd5 48. Bc7 Kf5 49. Kd4 Bc4 50. Be5 Bd5 51. Bc7 Bc4 52. Be5 1/2-1/2